000 00354nam a22001337a 4500
020 _a81-219-0742-X
041 _aENG
100 _aAggarwal.R.S
245 _aArithmetic Subjective And Objective For Competitive Examinations
260 _aDelhi
_bS. Chand & Comp
_c2004
300 _a569
650 _aCompetitlve Exam
856 _uCompetitlve Exam ( 36 )
999 _c917
_d917